000 00319nam a22001337a 4500
999 _c8644
_d8644
003 OSt
005 20191106100338.0
008 191106b ||||| |||| 00| 0 eng d
040 _cDDC
082 _a820.9
100 _a Manohar, Christina
245 _aSpirit, time and eternity : East-West reflections
942 _2ddc
_cBK